Every Super Bowl Champion (2000-25) - Statistics

General Stats
  • This quiz has been taken 24 times
  • The average score is 23 of 26
Answer Stats
Date Loser Winner % Correct
2024 San Francisco 49ers Kansas City Chiefs
100%
2023 Philadelphia Eagles Kansas City Chiefs
100%
2020 San Francisco 49ers Kansas City Chiefs
100%
2022 Cincinnati Bengals Los Angeles Rams
100%
2019 Los Angeles Rams New England Patriots
100%
2017 Atlanta Falcons New England Patriots
100%
2015 Seattle Seahawks New England Patriots
100%
2005 Philadelphia Eagles New England Patriots
100%
2004 Carolina Panthers New England Patriots
100%
2002 St. Louis Rams (LA) New England Patriots
100%
2025 Kansas City Chiefs Philadelphia Eagles
100%
2018 New England Patriots Philadelphia Eagles
100%
2012 New England Patriots New York Giants
95%
2008 New England Patriots New York Giants
95%
2016 Carolina Panthers Denver Broncos
90%
2013 San Francisco 49ers Baltimore Ravens
85%
2001 New York Giants Baltimore Ravens
85%
2007 Chicago Bears Indianapolis Colts
85%
2009 Arizona Cardinals Pittsburgh Steelers
85%
2006 Seattle Seahawks Pittsburgh Steelers
85%
2014 Denver Broncos Seattle Seahawks
85%
2021 Kansas City Chiefs Tampa Bay Buccaneers
85%
2003 Oakland Raiders (Vegas) Tampa Bay Buccaneers
85%
2010 Indianapolis Colts New Orleans Saints
75%
2011 Pittsburgh Steelers Green Bay Packers
70%
2000 Tennessee Titans St. Louis Rams (LA)
5%
No matching quizzes found
Score Distribution
Percent of People with Each Score
Percentile by Number Answered
Your Score History
You have not taken this quiz